00887cam a2200241 4500008004100000020002500041100003500066245008400101250002000185264006000205300003000265336002100295337002500316338002300341504005100364650006000415650003300475650003800508710007200546003000100618005001700619040000900636  a9781627222341 (pbk.)1 aCunningham, George C.eauthor.14aThe lawyer's guide to records management and retention /cGeorge C. Cunningham. aSecond edition. 1aChicago, Illinois :bABA Law Practice Division,c[2014] axviii, 447 pages ;c23 cm atext2rdacontent aunmediated2rdamedia avolume2rdacarrier aIncludes bibliographical references and index. 0aLaw officeszUnited StatesxRecords and correspondence. 0aLegal ethicszUnited States. 0aRecords retentionzUnited States.1 aAmerican Bar Association.bLaw Practice Division,esponsoring body.20230123141137.0 cNUST